000 00848nam a2200253Ia 4500
003 OSt
005 20220923221058.0
006 a|||||r|||| 00| 0
007 ta
008 220922b |||||||| |||| 00| 0 hin d
024 _a194,710
037 _cTextual
040 _aARTS
_cARTS
_bhin
041 _2hin
_ahin
082 _aO152,3:g(Y5927), M9
100 _aमेघवाल, कुसुम
245 0 _aहिन्दी उपन्यासों में दलित वर्ग
246 _aHindī upanyāsoan mean dalit varga
260 _aजयपुर
_b संधी प्रका0
_c1989
300 _a231पृ.
_ccm.
650 _aहिन्दी साहित्य
_9156264
942 _hO152,3:g(Y5927), M9
_cTEXL
_2CC
999 _c346974
_d346974